000
00194 a2200097 4500
001
11801
100
_a
245
_a
United Nation Doos
260
_a
_b
Royal Institute
_c
090
_c
9057
_d
9057
942
_a
NUST-CAE
_c
M
_c
35886
999
_c
246874
_d
246874